[Event "Titled Tuesday intern op 07th Sept"]
[Site "Chess.com INT"]
[Date "2021.09.07"]
[Round "6"]
[White "Ben Yahya, Larbi"]
[Black "Cramling Bellon, Anna"]
[Result "1-0"]
[WhiteElo "2080"]
[BlackElo "2035"]
[PlyCount "91"]
[EventDate "2021.09.07"]
[EventType "swiss (blitz)"]
[EventRounds "11"]
[EventCountry "USA"]
[SourceTitle "EXT 2022"]
[Source "ChessBase"]
[SourceDate "2021.10.06"]
[SourceVersion "1"]
[SourceVersionDate "2021.10.06"]
[SourceQuality "1"]

1. e4 c5 2. c3 Nf6 3. e5 Nd5 4. d4 cxd4 5. cxd4 e6 6. Nf3 d6 7. Nc3 Nxc3 8. bxc3 Qc7 9. Bd2 Nd7 10. Bb5 a6 11. Bxd7+ Bxd7 12. 0-0 Be7 13. Bf4 d5 14. Bd2 0-0 15. Rb1 Bb5 16. Re1 Bc4 17. Qc2 Rfc8 18. Ng5 Bxg5 19. Bxg5 b5 20. a3 a5 21. Re3 b4 22. axb4 axb4 23. Rxb4 Ra2 24. Rb2 Rca8 25. Re1 h6 26. Be3 Rxb2 27. Qxb2 Ra2 28. Qb4 Qa7 29. Qd6 Ra1 30. Rc1 Qa2 31. h3 Qb2 32. Rxa1 Qxa1+ 33. Kh2 Qxc3 34. Qd8+ Kh7 35. Qe8 Qe1 36. Qxf7 Bd3 37. Qxe6 Be4 38. Bxh6 Qf1 39. f3 gxh6 40. Qe7+ Kg6 41. Qf6+ Kh7 42. fxe4 Qe2 43. Qf5+ Kg7 44. exd5 Qd2 45. Qf6+ Kg8 46. e6 1-0

[Event "Titled Tuesday intern op 07th Sept"]
[Site "Chess.com INT"]
[Date "2021.09.07"]
[Round "8"]
[White "Ben Yahya, Larbi"]
[Black "Desideri, Ricardo Maruchi"]
[Result "0-1"]
[WhiteElo "2080"]
[BlackElo "1939"]
[PlyCount "66"]
[EventDate "2021.09.07"]
[EventType "swiss (blitz)"]
[EventRounds "11"]
[EventCountry "USA"]
[SourceTitle "EXT 2022"]
[Source "ChessBase"]
[SourceDate "2021.10.06"]
[SourceVersion "1"]
[SourceVersionDate "2021.10.06"]
[SourceQuality "1"]

1. e4 c5 2. c3 Nf6 3. e5 Nd5 4. d4 cxd4 5. cxd4 e6 6. Nf3 Nc6 7. Nc3 a6 8. Nxd5 exd5 9. Bd3 Be7 10. 0-0 0-0 11. Be3 g6 12. Rc1 d6 13. Bh6 Re8 14. Re1 Bg4 15. Rxc6 bxc6 16. h3 Bxf3 17. Qxf3 Bf8 18. Bxf8 Rxf8 19. Qg4 dxe5 20. dxe5 Re8 21. h4 c5 22. h5 c4 23. hxg6 cxd3 24. gxf7+ Kxf7 25. Qf5+ Kg7 26. Re3 Kh8 27. Rh3 Ra7 28. e6 Rg7 29. Rxd3 Qg5 30. Qh3 Rxe6 31. Rg3 Qc1+ 32. Kh2 Rh6 33. Rxg7 Kxg7 0-1

[Event "Titled Tuesday intern op 07th Sept"]
[Site "Chess.com INT"]
[Date "2021.09.07"]
[Round "11"]
[White "Ben Yahya, Larbi"]
[Black "Necula, Iulian"]
[Result "1-0"]
[WhiteElo "2080"]
[BlackElo "1890"]
[PlyCount "125"]
[EventDate "2021.09.07"]
[EventType "swiss (blitz)"]
[EventRounds "11"]
[EventCountry "USA"]
[SourceTitle "EXT 2022"]
[Source "ChessBase"]
[SourceDate "2021.10.06"]
[SourceVersion "1"]
[SourceVersionDate "2021.10.06"]
[SourceQuality "1"]

1. e4 g6 2. d4 c6 3. Nc3 d5 4. e5 Bf5 5. f4 h5 6. Nf3 e6 7. Bd3 Bxd3 8. Qxd3 Nh6 9. Be3 Qb6 10. 0-0-0 Na6 11. a3 0-0-0 12. Ng5 Be7 13. h3 Bxg5 14. fxg5 Nf5 15. Bf2 h4 16. Na4 Qb5 17. Qb3 Qxb3 18. cxb3 b6 19. Kb1 Kb7 20. Rc1 Rc8 21. Ka2 Rh5 22. b4 Rxg5 23. Rhg1 Rh5 24. Rc3 Rhh8 25. Rd3 b5 26. Nc3 Nc7 27. Nd1 Ra8 28. Ne3 Nxe3 29. Bxe3 a5 30. bxa5 Rxa5 31. Rf1 Rh7 32. Bd2 Ra4 33. b3 Ra6 34. Rdf3 Rh5 35. Rxf7 Rf5 36. R1xf5 exf5 37. Bb4 Kc8 38. Rf6 Kd7 39. Rxg6 Ne6 40. Bc5 Nxc5 41. dxc5 Ra8 42. Rd6+ Kc7 43. e6 Re8 44. Kb2 f4 45. Kc3 Rf8 46. Kd4 Re8 47. Ke5 f3 48. gxf3 Re7 49. f4 Rg7 50. f5 Rg1 51. Rd7+ Kc8 52. Kd6 Re1 53. f6 d4 54. f7 Rf1 55. e7 Rf6+ 56. Ke5 Kxd7 57. e8Q+ Kc7 58. Kxf6 d3 59. f8Q d2 60. Qd6+ Kb7 61. Qeb8+ Ka6 62. Qdc7 b4 63. Qcb6# 1-0

[Event "Titled Tuesday intern op 07th Sept"]
[Site "Chess.com INT"]
[Date "2021.09.07"]
[Round "7"]
[White "Gedgafov, Chamal"]
[Black "Ben Yahya, Larbi"]
[Result "1-0"]
[WhiteElo "2202"]
[BlackElo "2080"]
[PlyCount "93"]
[EventDate "2021.09.07"]
[EventType "swiss (blitz)"]
[EventRounds "11"]
[EventCountry "USA"]
[SourceTitle "EXT 2022"]
[Source "ChessBase"]
[SourceDate "2021.10.06"]
[SourceVersion "1"]
[SourceVersionDate "2021.10.06"]
[SourceQuality "1"]

1. d4 d5 2. c4 dxc4 3. Nf3 c5 4. d5 e6 5. e4 exd5 6. exd5 Nf6 7. Nc3 Bd6 8. Bxc4 0-0 9. 0-0 h6 10. h3 Bf5 11. Be3 Nbd7 12. Qd2 Ne5 13. Nxe5 Bxe5 14. Bxc5 Re8 15. Be3 Qc8 16. Bb5 Bxh3 17. Bxe8 Bxg2 18. f4 Bxc3 19. Bxf7+ Kxf7 20. bxc3 Bxf1 21. Rxf1 Qg4+ 22. Qg2 Qxg2+ 23. Kxg2 Nxd5 24. Bd4 a6 25. a4 b5 26. Kf3 bxa4 27. Ke4 Nf6+ 28. Kd3 Ke6 29. Rg1 Kf7 30. Ra1 Nh5 31. f5 a5 32. Rxa4 Ng3 33. f6 gxf6 34. Rc4 a4 35. Rc7+ Kg6 36. Rc6 Nh5 37. c4 a3 38. c5 a2 39. Ba1 Rb8 40. Ra6 Nf4+ 41. Kc4 Rb1 42. Rxa2 Rc1+ 43. Kb5 Ne6 44. c6 Nc7+ 45. Kb6 Nd5+ 46. Kb7 Kf7 47. Ra5 1-0

[Event "Titled Tuesday intern op 13th Apr"]
[Site "Chess.com INT"]
[Date "2021.04.13"]
[Round "6"]
[White "Ben Yahya, Larbi"]
[Black "Muhammed, Shuaau"]
[Result "0-1"]
[WhiteElo "2080"]
[BlackElo "1925"]
[PlyCount "58"]
[EventDate "2021.04.13"]
[EventType "swiss (blitz)"]
[EventRounds "11"]
[EventCountry "USA"]
[SourceTitle "CBM 201 Extra"]
[Source "ChessBase"]
[SourceDate "2021.05.31"]
[SourceVersion "1"]
[SourceVersionDate "2021.05.31"]
[SourceQuality "1"]

1. e4 e5 2. Nf3 Nc6 3. d4 exd4 4. Bc4 Nf6 5. 0-0 Nxe4 6. Re1 d5 7. Bxd5 Qxd5 8. Nc3 Qd7 9. Nxe4 Be7 10. Nfg5 0-0 11. Qh5 h6 12. Nf3 Qf5 13. Qxf5 Bxf5 14. Bf4 Rac8 15. Rac1 Rfe8 16. Ng3 Bg6 17. Ne5 Nxe5 18. Bxe5 c5 19. Bf4 Bf6 20. a3 Rxe1+ 21. Rxe1 Bxc2 22. Bd2 c4 23. Ne4 Bxe4 24. Rxe4 c3 25. bxc3 dxc3 26. Bc1 Rd8 27. Re1 c2 28. g3 Rd1 29. Kf1 Bc3 0-1

[Event "Agadir zt 4.1"]
[Site "Agadir"]
[Date "2016.05.30"]
[Round "9"]
[White "Ben Yahya, Larbi"]
[Black "Tajedine, Sidi Mohamed"]
[Result "1-0"]
[WhiteElo "2188"]
[BlackElo "1806"]
[PlyCount "49"]
[EventDate "2016.05.24"]
[EventType "swiss"]
[EventRounds "9"]
[EventCountry "MAR"]
[SourceTitle "CBM 172 Extra"]
[Source "ChessBase"]
[SourceDate "2016.06.21"]
[SourceVersion "1"]
[SourceVersionDate "2016.06.21"]
[SourceQuality "1"]

1. e4 d5 2. exd5 Nf6 3. Bb5+ Bd7 4. Be2 Nxd5 5. d4 Bf5 6. Nf3 h6 7. 0-0 e6 8. a3 Be7 9. c4 Nf6 10. Nc3 0-0 11. h3 Ne4 12. Bd3 Nxc3 13. bxc3 Bxd3 14. Qxd3 c6 15. Ne5 Nd7 16. f4 Bf6 17. Ng4 Bh4 18. Rb1 b6 19. f5 h5 20. Nh2 exf5 21. Qxf5 g6 22. Qe4 Rc8 23. Bh6 f5 24. Qe6+ Kh7 25. Bxf8 1-0

[Event "Agadir zt 4.1"]
[Site "Agadir"]
[Date "2016.05.29"]
[Round "7"]
[White "Ben Yahya, Larbi"]
[Black "Boubacar, Mohameden"]
[Result "1-0"]
[WhiteElo "2188"]
[BlackElo "1959"]
[PlyCount "69"]
[EventDate "2016.05.24"]
[EventType "swiss"]
[EventRounds "9"]
[EventCountry "MAR"]
[SourceTitle "CBM 172 Extra"]
[Source "ChessBase"]
[SourceDate "2016.06.21"]
[SourceVersion "1"]
[SourceVersionDate "2016.06.21"]
[SourceQuality "1"]

1. e4 e5 2. Nf3 Nc6 3. d4 exd4 4. Bc4 Nf6 5. 0-0 d6 6. Nxd4 Nxd4 7. Qxd4 Be7 8. Nc3 0-0 9. Bg5 Be6 10. Rad1 Nd7 11. Bxe7 Qxe7 12. Bd3 Ne5 13. Nd5 Bxd5 14. exd5 f5 15. f4 Ng4 16. Rde1 Qh4 17. h3 Rae8 18. Rxe8 Rxe8 19. hxg4 fxg4 20. Bf5 Re2 21. Be6+ Kf8 22. Qd3 g3 23. Qf5+ Qf6 24. Qxf6+ gxf6 25. Bf5 h5 26. Bd3 Rd2 27. f5 h4 28. Rf4 Rd1+ 29. Rf1 Rd2 30. Rf4 Rd1+ 31. Bf1 Rxd5 32. Rxh4 Rxf5 33. Rg4 Rg5 34. Rxg5 fxg5 35. Bd3 1-0

[Event "Agadir zt 4.1"]
[Site "Agadir"]
[Date "2016.05.24"]
[Round "1"]
[White "Ben Yahya, Larbi"]
[Black "Arab, Adlane"]
[Result "1/2-1/2"]
[WhiteElo "2188"]
[BlackElo "2475"]
[PlyCount "186"]
[EventDate "2016.05.24"]
[EventType "swiss"]
[EventRounds "9"]
[EventCountry "MAR"]
[SourceTitle "CBM 172 Extra"]
[Source "ChessBase"]
[SourceDate "2016.06.21"]
[SourceVersion "1"]
[SourceVersionDate "2016.06.21"]
[SourceQuality "1"]

1. e4 c5 2. c3 Nf6 3. e5 Nd5 4. d4 cxd4 5. cxd4 d6 6. Nf3 e6 7. Nc3 Nxc3 8. bxc3 Qc7 9. Qb3 Nd7 10. Bf4 dxe5 11. Nxe5 Bd6 12. Bb5 0-0 13. Nxd7 Bxd7 14. Bxd6 Qxd6 15. Bxd7 Qxd7 16. 0-0 Rac8 17. Rfd1 Rfd8 18. c4 Rc6 19. Rd2 Qc7 20. Rc1 Qa5 21. Rcd1 Rb6 22. Qd3 Rbd6 23. h3 h6 24. Qb3 b6 25. d5 Qc5 26. a4 Qc7 27. Qb4 Re8 28. Qb5 Kf8 29. Qb4 Kg8 30. Qb5 Red8 31. Qb4 Rc8 32. g3 e5 33. Rc2 f5 34. Rdc1 Qd7 35. Qb5 Qf7 36. Qb3 Rc5 37. Qe3 e4 38. Qd4 Qd7 39. Qe5 Rf6 40. Ra1 Ra5 41. Rca2 Rf8 42. Kg2 Rc8 43. Rc1 Rxd5 44. cxd5 Rxc1 45. Rd2 Rc5 46. Qb8+ Rc8 47. Qf4 Rc5 48. Qb8+ Kh7 49. Qe5 Kg6 50. g4 Rc8 51. d6 fxg4 52. Qxe4+ Qf5 53. Qxf5+ Kxf5 54. hxg4+ Ke6 55. Kf3 Rd8 56. Ke4 Rxd6 57. Rc2 Kd7 58. f4 Rc6 59. Rd2+ Ke6 60. Rd4 Rc3 61. f5+ Ke7 62. Kf4 Rc1 63. Re4+ Kf6 64. Re6+ Kf7 65. Re4 Rb1 66. Rd4 Ke7 67. Re4+ Kf7 68. Rc4 Re1 69. Rc7+ Re7 70. Rc4 Rb7 71. a5 bxa5 72. Rc5 a4 73. Ra5 Rb4+ 74. Kg3 Kf6 75. Ra6+ Kf7 76. Rxa7+ Kf6 77. Ra6+ Kf7 78. Ra7+ Kg8 79. Kf3 Rb3+ 80. Kf4 a3 81. Ke4 Rc3 82. f6 gxf6 83. Kf5 Rf3+ 84. Kg6 Kf8 85. Kxh6 Ke8 86. g5 Rh3+ 87. Kg6 fxg5 88. Kxg5 Kd8 89. Kg4 Rb3 90. Kf4 Kc8 91. Ke4 Kb8 92. Ra5 Kb7 93. Kd4 Kb6 1/2-1/2